000 00694nam a22002897a 4500
001 BR0505356
003 BR-BrBNA
005 20230928102041.0
007 ta
008 230509b bl.||||| |||| 00| 0 por d
040 _aBR-BrBNA
_bpor
_cBiblioteca Nacional de Agricultura
041 _a(Por)
072 _aP35
_b3840
090 _ 3840 BR0505356
100 1 _aLima, C.P.
245 1 _aABC da correção do solo
260 3 _aArcos, MG (Brasil):
_c1995.
300 _a48 p.
500 _a13 ref.; 30 illus.
650 _aSOLO
650 _aCALCÁRIO
650 _aACIDEZ DO SOLO
650 _aPH
650 _aCORRETIVO
909 _a202309
_bLucia
_c55
_dLucia Elande
942 _cBK
999 _c68890
_d68890